Magyar csodák a jégen Sebestyén Júlia az első magyar női Európa-bajnok ...

Bibliographic Details
Main Author: Urbán, Klára (Author)
Format: Article
Language:Hungarian
PhysicalDescription:Fotogr.
Subjects:

MARC

LEADER 00000nab a2200000 a 4500
001 vtls000867339
003 SK-MaSNL
005 20260319075137.0
008 160321c2004 xo 0 hun
015 |a SNBRB2004/03-10253 
035 |a CLN000218891 
040 |a SNKBUCL  |b slo  |c SNKBUCL  |e AACR2 
041 0 |a hun 
044 |a xo  |c SK 
080 |a 796.912.071.2  |2 UDC-MRF-SK2 
080 |a 929 Sebestyén, Júlia  |2 UDC-MRF-SK2 
100 1 |a Urbán, Klára  |4 aut  |9 857587 
245 1 0 |a Magyar csodák a jégen  |b Sebestyén Júlia az első magyar női Európa-bajnok ...  |c Urbán Klára 
300 |b Fotogr. 
600 1 7 |a Sebestyén, Júlia  |2 snkbucl  |9 856575 
655 7 |a články z novín a časopisov  |2 snkbucl  |9 267496 
773 0 |t Vasárnap  |g Roč. 37, č. 8 (2004), s. 60-61 
850 |a Slovenská národná knižnica v Martine 
852 |a SNK  |b KIS3GCP 
958 |a HU 
958 |a BC 
958 |a RBX 
999 |c 1377566  |d 1379496